The junior classics : (Record no. 145335)

MARC details
000 -LEADER
fixed length control field 00627nam a22002057a 4500
005 - DATE AND TIME OF LATEST TRANSACTION
control field 20171129140327.0
010 ## - LCCN (DPL NO)
LC control number 1718EN-30 ENG-121665
020 ## - INTERNATIONAL STANDARD BOOK NUMBER
International Standard Book Number 9789386367686
Terms of availability 695.00
035 ## - SYSTEM CONTROL NUMBER
System control number EN-105197
037 ## - SOURCE OF ACQUISITION
Source of stock number/acquisition Alpna Edition
Stock number dpl
037 ## - SOURCE OF ACQUISITION
Source of stock number/acquisition DBAD/PUB
082 ## - DEWEY DECIMAL CLASSIFICATION NUMBER
Classification number S
100 ## - MAIN ENTRY--PERSONAL NAME
Personal name Patten, William
245 ## - TITLE STATEMENT
Title The junior classics :
Statement of responsibility, etc by William Patten
Remainder of title stories of courage and heroism /
260 ## - PUBLICATION, DISTRIBUTION, ETC. (IMPRINT)
Place of publication, distribution, etc New Delhi
Name of publisher, distributor, etc Alpna Edition
Date of publication, distribution, etc 2017
270 ## - ADDRESS
Address 2/41, Ansari Road, Darya Ganj,
City New Delhi
Postal code 110002
300 ## - PHYSICAL DESCRIPTION
Extent 444p.
Dimensions 23cm(pbk)
942 ## - ADDED ENTRY ELEMENTS (KOHA)
Source of classification or shelving scheme Dewey Decimal Classification
Item type English Books
Call number suffix PAT
Classification part S
Holdings
Withdrawn status Lost status Not for loan Collection code Home library Current library Date acquired Source of acquisition Cost, normal purchase price Full call number Barcode Copy number Cost, replacement price Koha item type
    Not For Loan Fiction D.B.Act.Division Bawana 29/11/2017 DBAD/PUB 695.00 S PAT EN-105197 1 695.00 English Books

© Delhi Public Library
Hit Counter
free hit counter